01179nam a2200253 a 450000100100000000500170001000800410002702000180006804000250008608200200011110000250013124500980015626000360025430000270029050000580031765000390037565000400041470000420045491000370049695201330053395201180066695201240078499900170090800004436420201002045324.0140624s2010 dr a 000 p spa d a9789945163520 aDO-SdBNPbspacBNPHU aRD861.44bA197m1 aAdames, Julio93390510aMonedas al aire :bpoesía infantil /cJulio Adames; ilustraciones Jasmín Rosario Almonte. aSanto Domingo :bBúho,c2010. a84 p. :bil. ;c22 cm. aIncluye datos biográficos del autor en las solapas. 4aPoesía infantil dominicana91187 4aLiteratura infantil dominicana944112aRosario Almonte, Jasmíneil.972373 aValidado. Control de calidad MFF 001054708DSaGRbGRcHDd2017-10-12iLF1l0oRD861.44 A197mp44364-30r2020-06-25te. 3w2020-06-25yLFDSZPréstamo en sala 0010718PDaPDbPDcHDd2014-06-24iLF1l0oRD861.44 A197mp44364-10r2020-06-25w2020-06-25yLFPDZNo se presta 0010718PDaPDbPDcHDd2014-06-24iLF1l0oRD861.44 A197mp44364-20r2020-06-25te. 2w2020-06-25yLFPDZNo se presta c43853d43853